000 00661nam a2200205Ia 4500
003 IN-BaIIA
008 211028s9999 xx 000 0 eng d
020 _a90-277-0154-7
040 _cIIA Library
080 _a082.2:52
_bJAG
100 _aJager, C. D.
_917904
245 0 _aReports on astronomy
_bvol. XIVA
_cC. D. Jager
260 _aDordrecht
_bD. Reidel Publishing
_c1970
300 _aviii,566p
490 _aTransaction of the International Astronomical Union; v. XIVA
650 _aAstronomy
_980
650 _aAstronomy and Astrophysics Thesaurus
650 _aIAU Transactions
_95483
942 _cBK
999 _c10532
_d10532